Pirates of the Caribbean A-Z - Statistics

General Stats
  • This quiz has been taken 278 times
    214 since last reset
  • The average score is 13 of 26
Answer Stats
Hint Answer % Correct
Main character Jack Sparrow
94%
Beautiful young woman Elizabeth Swann
92%
Ruler of the sea Davy Jones
89%
Father of #W Bootstrap Bill Turner
84%
Handsome young man Will Turner
82%
Witch-like imprisoned woman Calypso
78%
Seaweedy, ancient ship Flying Dutchman
77%
Town of fighting and drinking Tortuga
69%
'Said terrible beastie' Kraken
64%
Son of #E and #W Henry Turner
63%
The number of 'pieces of eight' Nine
63%
Lover of #J who almost kills him at least three times Angelica Teach
58%
Little sea shanty: ___ ho, ___ ho, a pirate’s life for me Yo
54%
Home of #E, #W, #G, etc Port Royal
49%
Island of the cursed gold Isla de Muerta
46%
Pirate with eye trouble Ragetti
43%
Ship of the most terrifying pirate ever Queen Anne's Revenge
42%
Place at world's end Locker
40%
Head of #P Governor Wetherby Swann
31%
Where #E becomes king of the brethren court Shipwreck Cove
30%
I can't think of anything that starts with V so if you can please let me know in the comments! V
23%
I can't think of anything that starts with X so if you can please let me know in the comments! X
22%
I can't think of anything that starts with Z so if you can please let me know in the comments! Z
21%
Rule that #J puts into practice to get 'unlost' Up is Down
8%
'Pride[s] of the Royal Navy' Mullroy / Murtogg
6%
Rule for the captain of #F One day ashore, ten years at sea
2%
No matching quizzes found
Score Distribution
Percent of People with Each Score
Percentile by Number Answered
Your Score History
You have not taken this quiz since the last reset